Größte Bahnhöfe in Deutschland - Statistiken

Allgemein
  • Dieses Quiz wurde 1.512 mal gespielt
  • Das Durchschnittsergebnis liegt bei 20 aus 35
Antwortstatistiken
Rang Bahnhof Reisende pro Tag Kategorie % Korrekt
4. Berlin Hauptbahnhof 329.000 1
97%
1. Hamburg Hauptbahnhof 537.000 1
95%
3. München Hauptbahnhof 413.000 1
95%
2. Frankfurt (Main) Hauptbahnhof 493.000 1
94%
5. Köln Hauptbahnhof 318.000 1
92%
7. Stuttgart Hauptbahnhof 255.000 1
88%
8. Düsseldorf Hauptbahnhof 246.000 1
87%
19. Leipzig Hauptbahnhof 120.000 1
85%
16. Dortmund Hauptbahnhof 130.000 1
84%
6. Hannover Hauptbahnhof 261.000 1
83%
11. Nürnberg Hauptbahnhof 210.000 1
81%
30. Dresden Hauptbahnhof 60.000 1
80%
19. Bremen Hauptbahnhof 120.000 1
76%
14. Essen Hauptbahnhof 152.000 1
75%
15. Hamburg-Altona 138.000 1
68%
21. Mannheim Hauptbahnhof 100.000 2
67%
16. Duisburg Hauptbahnhof 130.000 1
66%
21. Berlin Ostbahnhof 100.000 1
61%
30. Karlsruhe Hauptbahnhof 60.000 1
56%
28. Bonn Hauptbahnhof 67.000 2
52%
33. Mainz Hauptbahnhof 55.000 2
52%
29. Bochum Hauptbahnhof 65.000 2
49%
9. Berlin Gesundbrunnen 230.000 1
46%
12. Berlin Südkreuz 179.000 1
46%
26. Münster (Westfalen) Hauptbahnhof 70.000 2
45%
26. Köln Messe/Deutz 70.000 1
41%
25. Hamburg-Harburg 80.000 2
40%
30. Freiburg (Breisgau) Hauptbahnhof 60.000 2
38%
23. München-Pasing 85.000 2
31%
13. München Ost 174.000 1
29%
18. Berlin Zoologischer Garten 125.000 2
18%
10. Berlin Friedrichstraße 220.000 2
15%
23. Berlin-Lichtenberg 85.000 2
5%
34. Tübingen Hauptbahnhof 50.000 2
3%
34. Pforzheim Hauptbahnhof 50.000 2
2%
Keine übereinstimmenden Quizze gefunden
Verteilung der Resultate
Anzahl Personen mit jedem Resultat
Perzentil nach korrekt beantworteten Fragen
Ihre Resultats-Entwicklung
Sie haben dieses Quiz noch nicht gespielt